000 00336nam a2200133 i 4500
001 bg
100 1 _aKACPRZYŃSKI, Bogdan
245 0 _aRozwój regionalny a środowisko człowieka /
_cBogdan Kacprzyński.
260 _aWarszawa,
_c1979.
040 _cBPK
041 _apol
942 _cKS
008 s pl f |000 0 pol
999 _c19208
_d19208
856 _uhttp://koha.tu.koszalin.pl/cgi-bin/koha/opac-detail.pl?biblionumber=19208
_yKatalog online BPK